TAPPING LATEX TECHNOLOGY AND MAINTENANCE OF RUBBER EXPLOITATION AT CHUP COMPANY, បច្ចេកទេសជៀជ័រ និងការថែទាំកៅស៊ូអាជីវកម្មនៅក្រុនហ៊ុនចម្ការកៅស៊ូ ជុប (Record no. 275)
[ view plain ]
| 000 -LEADER | |
|---|---|
| fixed length control field | 00600nam a22001457a 4500 |
| 003 - CONTROL NUMBER IDENTIFIER | |
| control field | OSt |
| 005 - DATE AND TIME OF LATEST TRANSACTION | |
| control field | 20150912103936.0 |
| 008 - FIXED-LENGTH DATA ELEMENTS--GENERAL INFORMATION | |
| fixed length control field | 150912b xxu||||| |||| 00| 0 eng d |
| 040 ## - CATALOGING SOURCE | |
| Transcribing agency | RUA |
| 082 ## - DEWEY DECIMAL CLASSIFICATION NUMBER | |
| Classification number | AGR LOR 1996 BOO17 Or.1 |
| 100 ## - MAIN ENTRY--PERSONAL NAME | |
| 9 (RLIN) | 297 |
| Personal name | LORN, SOCHEATA |
| 245 ## - TITLE STATEMENT | |
| Title | TAPPING LATEX TECHNOLOGY AND MAINTENANCE OF RUBBER EXPLOITATION AT CHUP COMPANY, បច្ចេកទេសជៀជ័រ និងការថែទាំកៅស៊ូអាជីវកម្មនៅក្រុនហ៊ុនចម្ការកៅស៊ូ ជុប |
| 300 ## - PHYSICAL DESCRIPTION | |
| Extent | 98P. |
| Other physical details | ILL. |
| Dimensions | 29CM. |
| 942 ## - ADDED ENTRY ELEMENTS (KOHA) | |
| Source of classification or shelving scheme | |
| Koha item type | AGR |
| Price effective from | Date last seen | Permanent Location | Not for loan | Date acquired | Source of classification or shelving scheme | Koha item type | Lost status | Withdrawn status | Date last checked out | Total Checkouts | Shelving location | Damaged status | Barcode | Current Location | Full call number |
|---|---|---|---|---|---|---|---|---|---|---|---|---|---|---|---|
| 2015-09-12 | 2018-08-01 | Library Block B | 2015-09-12 | AGR | 2018-07-25 | 2 | B017 | RUA003897 | Library Block B | AGR LOR 1996 BOO17 Or.1 | |||||
| 2015-09-12 | 2015-09-12 | Library Block B | 2015-09-12 | AGR | B017 | RUA004452 | Library Block B | AGR LOR 1996 BOO17 Or.5 | |||||||
| 2015-09-12 | 2015-09-12 | Library Block B | 2015-09-12 | AGR | B017 | RUA004173 | Library Block B | AGR LOR 1996 BOO17 Or.6 | |||||||
| 2015-09-12 | 2015-09-12 | Library Block B | 2015-09-12 | AGR | B017 | RUA004172 | Library Block B | AGR LOR 1996 BOO17 Or.2 | |||||||
| 2015-09-12 | 2015-09-12 | Library Block B | 2015-09-12 | AGR | B017 | RUA004453 | Library Block B | AGR LOR 1996 BOO17 Or.3 | |||||||
| 2015-09-12 | 2015-09-12 | Library Block B | 2015-09-12 | AGR | B017 | RUA005286 | Library Block B | AGR LOR 1996 BOO17 Or.4 |